Cobra /

Na minha lista:
Detalhes bibliográficos
Autor principal: Sarduy, Severo 1937-1993
Formato: Livro
Idioma:Spanish
Publicado em: Buenos Aires : Sudamericana, 1972.
Colecção:El espejo
Assuntos:
Tags: Adicionar Tag
Sem tags, seja o primeiro a adicionar uma tag!

MARC

LEADER 00000cam a2200000 a 4500
005 20150629091133.0
008 970506s1972 ag r 00011 spa d
040 |a pa   |c pa  |d CIICLA 
041 0 |a spa 
082 0 4 |a Cu863.4   |b S244c  
100 1 |a Sarduy, Severo  |d 1937-1993 
245 1 0 |a Cobra /   |c Severo Sarduy. 
260 |a Buenos Aires :   |b Sudamericana,   |c 1972. 
300 |a 263 páginas 
490 1 |a El espejo 
650 1 7 |a LITERATURA CUBANA  |v NOVELA 
942 |2 ddc  |c BK 
999 |c 4334  |d 4334